000 00884nam a2200313Ia 4500
003 OSt
005 20220912153219.0
006 a|||||r|||| 00| 0
007 ta
008 220909b |||||||| |||| 00| 0 eng d
020 _a8120412249 (hbd)
024 _a5556
037 _bApple,
037 _cTextual
040 _aCSL
_beng
_cCSL
041 _aeng
082 _aI:6:(U67), N7.1
100 _aRazdan M K Ed
245 0 _aConservation of plant genetic resources in vitro
260 _aNew Delhi
_b Oxford IBH Publishing Co Pvt Ltd
_c1997
300 _ap.
_ccm.
500 _aIncludes bibliographical references; Index 307-314p
650 _a Genetic
650 _a Resources
650 _aPlant science
700 _a Cocking E C Ed
942 _hI:6:(U67), N7.1
_cTEXL
_2CC
999 _c99246
_d99246